| 000 -LEADER |
| fixed length control field |
00778nam a22002057a 4500 |
| 001 - CONTROL NUMBER |
| control field |
11141 |
| 003 - CONTROL NUMBER IDENTIFIER |
| control field |
BD-DhUAP |
| 005 - DATE AND TIME OF LATEST TRANSACTION |
| control field |
20200216163940.0 |
| 008 - FIXED-LENGTH DATA ELEMENTS--GENERAL INFORMATION |
| fixed length control field |
200209s2008 bg ||||| |||| 00| 0 ben d |
| 040 ## - CATALOGING SOURCE |
| Original cataloging agency |
BD-DhUAP |
| Language of cataloging |
Bangla |
| Transcribing agency |
BD-DhUAP |
| Modifying agency |
BD-DhUAP |
| 082 ## - DEWEY DECIMAL CLASSIFICATION NUMBER |
| Edition number |
23 |
| Classification number |
346.5492066 RAH |
| 100 ## - MAIN ENTRY--PERSONAL NAME |
| Personal name |
রহমান, মোঃ মাহবুবুর । |
| 245 ## - TITLE STATEMENT |
| Title |
কোম্পানী আইন, ১৯৯৪ = The companies act, 1994 / |
| Statement of responsibility, etc. |
মোঃ মাহবুবুর রহমান। |
| 250 ## - EDITION STATEMENT |
| Edition statement |
৪র্থ সং.। |
| 260 ## - PUBLICATION, DISTRIBUTION, ETC. |
| Place of publication, distribution, etc. |
ঢাকা : |
| Name of publisher, distributor, etc. |
সামছ পাবলিকেশন্স, |
| Date of publication, distribution, etc. |
২০০৮। |
| 300 ## - PHYSICAL DESCRIPTION |
| Extent |
৫৫৫ পৃষ্ঠা ; |
| Dimensions |
২৩ সে.মি.। |
| 600 ## - SUBJECT ADDED ENTRY--PERSONAL NAME |
| Source of heading or term |
|
| 650 ## - SUBJECT ADDED ENTRY--TOPICAL TERM |
| Topical term or geographic name entry element |
Companies Act |
| Geographic subdivision |
Bangladesh. |
| 942 ## - ADDED ENTRY ELEMENTS (KOHA) |
| Source of classification or shelving scheme |
|
| Koha item type |
Book |